00500nam a2200133 i 4500001000300000245012700003260002200130700003200152040000800184041000800192080002700200008004100227856009800268bg 0aĆwiczenia laboratoryjne z ogrzewnictwa, wentylacji i klimatyzacji :bpraca zbiorowa /cpod red. T. Trojanowskiego. Cz.1. aŁódź,c1980.1 aTrojanowski, Tadeusz.eRed. cBPK apol a697+628.8](075.8)(076) s pl f |000 0 pol  uhttp://koha.tu.koszalin.pl/cgi-bin/koha/opac-detail.pl?biblionumber=19070yKatalog online BPK